Les clubs allemands en 1/2 finale de coupe d'Europe - Statistiques

Statistiques générales
  • Ce quiz a été pris 81 fois
  • Le résultat moyen est 13 sur 26
Statistiques - réponses
Nombre de 1/2 finale Club % Correct
5 Bayer Leverkusen
100%
9 Borussia Dortmund
99%
29 Bayern Munich
96%
9 Hambourg SV
84%
2 RB Leipzig
81%
4 Schalke 04
78%
1 Hertha Berlin
75%
5 Werder Brême
75%
5 Eintracht Francfort
73%
4 VfB Stuttgart
73%
8 Borussia Mönchengladbach
66%
5 FC Cologne
57%
1 (RDA) Dynamo Berlin
52%
1 FC Nuremberg
48%
1 Fortuna Dusseldorf
42%
1 (RDA) Dynamo Dresde
36%
2 FC Kaiserslautern
34%
1 (RDA) FC Magdebourg
19%
1 Karlsruher SC
17%
1 Munich 1860
16%
1 MSV Duisbourg
14%
1 (RDA) Carl Zeiss Iena
13%
1 (RDA) Motor Iena
12%
2 (RDA) Lokomotiv Leipzig
4%
1 Bayer Uerdingen
1%
1 (RDA) FSV Zwickau
0%
Aucun quiz correspondant
Distribution des résultats
% des personnes avec chaque résultat
Percentile par nombre de réponses
Votre historique - résultats
Vous n’avez pas pris ce quiz